Tale of the toa / (Record no. 2377)
[ view plain ]
| 000 -LEADER | |
|---|---|
| fixed length control field | 01187cam a2200349 a 4500 |
| 001 - CONTROL NUMBER | |
| control field | 2377 |
| 003 - CONTROL NUMBER IDENTIFIER | |
| control field | FISKH |
| 005 - DATE AND TIME OF LATEST TRANSACTION | |
| control field | 20231121115621.0 |
| 008 - FIXED-LENGTH DATA ELEMENTS--GENERAL INFORMATION | |
| fixed length control field | 051024s2005 nyu j 000 1 eng d |
| 010 ## - LIBRARY OF CONGRESS CONTROL NUMBER | |
| LC control number | 2005296469 |
| 020 ## - INTERNATIONAL STANDARD BOOK NUMBER | |
| International Standard Book Number | 0760795118 |
| 020 ## - INTERNATIONAL STANDARD BOOK NUMBER | |
| International Standard Book Number | 078073004997 |
| 035 ## - SYSTEM CONTROL NUMBER | |
| System control number | (OCoLC)ocm60685652 |
| 040 ## - CATALOGING SOURCE | |
| Original cataloging agency | TxWM |
| Transcribing agency | TxWM |
| Modifying agency | TxWM |
| -- | DLC |
| Language of cataloging | eng |
| 042 ## - AUTHENTICATION CODE | |
| Authentication code | lccopycat |
| 050 00 - LIBRARY OF CONGRESS CALL NUMBER | |
| Classification number | PZ7.H1996 |
| Item number | Bi 2005 |
| 082 ## - DEWEY DECIMAL CLASSIFICATION NUMBER | |
| Classification number | 813.54 |
| 100 1# - MAIN ENTRY--PERSONAL NAME | |
| Personal name | Hapka, C.A. |
| 245 10 - TITLE STATEMENT | |
| Title | Tale of the toa / |
| Statement of responsibility, etc. | by C.A. Hapka |
| 250 ## - EDITION STATEMENT | |
| Edition statement | First printing, August 2003 |
| 260 ## - PUBLICATION, DISTRIBUTION, ETC. | |
| Place of publication, distribution, etc. | New York : |
| Name of publisher, distributor, etc. | Scholastic, |
| Date of publication, distribution, etc. | 2003 |
| 300 ## - PHYSICAL DESCRIPTION | |
| Extent | 126 pages : |
| Dimensions | 20 cm |
| 490 ## - SERIES STATEMENT | |
| Series statement | Bionicle chronicles #1 : |
| 505 ## - FORMATTED CONTENTS NOTE | |
| Formatted contents note | L<br/> |
| 520 ## - SUMMARY, ETC. | |
| Summary, etc. | "In the time before time, a great being watched over the ancient land of Mata Nui, protecting it from harm. But now a powerful evil has arisen, casting a dark shadow over the land. Just when all seems lost, six heroes emerge from the darkness." |
| 521 8# - TARGET AUDIENCE NOTE | |
| Target audience note | 520 <br/> |
| Source | Lexile <br/> |
| 521 8# - TARGET AUDIENCE NOTE | |
| Target audience note | L<br/> |
| Source | Raz-Plus <br/> |
| 650 #0 - SUBJECT ADDED ENTRY--TOPICAL TERM | |
| Topical term or geographic name entry element | Children's stories, American. |
| 650 #0 - SUBJECT ADDED ENTRY--TOPICAL TERM | |
| Topical term or geographic name entry element | Science fiction, American. |
| 906 ## - LOCAL DATA ELEMENT F, LDF (RLIN) | |
| a | 7 |
| b | cbc |
| c | copycat |
| d | 2 |
| e | ncip |
| f | 20 |
| g | y-gencatlg |
| 942 ## - ADDED ENTRY ELEMENTS (KOHA) | |
| Source of classification or shelving scheme | Dewey Decimal Classification |
| Koha item type | Books |
| Suppress in OPAC | No |
| Withdrawn status | Lost status | Source of classification or shelving scheme | Damaged status | Not for loan | Collection | Home library | Current library | Shelving location | Date acquired | Total Checkouts | Full call number | Barcode | Date last seen | Price effective from | Koha item type | Copy number |
|---|---|---|---|---|---|---|---|---|---|---|---|---|---|---|---|---|
| Dewey Decimal Classification | Juvenile Fiction | Footprints International School Library Network Toul Kork Campus | Footprints International School Library Network Toul Kork Campus | TK Primary Library Room(4th Floor), Bookcase 3&4, Shelves 17-32, Yellow Books | 11/21/2023 | HAP 813.54 PZ7.H1996 | FISTK01017 | 11/21/2023 | 11/21/2023 | Books | ||||||
| Dewey Decimal Classification | Fiction | Footprints International School Library Network Toul Kork Campus | Footprints International School Library Network Toul Kork Campus | 03/13/2024 | HAP 813.54 PZ7.H1996 | 2024-0317 | 03/13/2024 | 03/13/2024 | Books | 2 |
